000 01057nam a22002657a 4500
005 20240530110434.0
008 150406s2011 ua g 000 0 ara d
017 _a2010/24770
_bمصر . دار الكتب المصرية
020 _a9789774280269
040 _aEG-CaGPL
082 0 4 _221
_a253.9001\
_bح إ
100 0 _aحسنى عبدالسميع ابراهيم
245 1 0 _aاستثمار الاموال فى الشريعة الاسلامية /
_cحسنى عبدالسميع ابراهيم
250 _aط1
260 _aالقاهرة :
_bمصر العربية للنشر والتوزيع ،
_c2011
300 _a399 ص ؛
_c24 سم
504 _aببليوجرافية : ص 395 - 399
650 0 4 _aالشركات
_xالفقه الاسلامى
650 0 4 _aصناديق الاستثمار
650 0 4 _aالبنوك الاسلامية
650 0 4 _aالمضاربات
_xالفقه الاسلامى
650 0 4 _aالاستثمارات
_xالفقه الاسلامى
942 _2ddc
_cBK
999 _c60911
_d60911